| 000 | 00667nam a22001337a 4500 | ||
|---|---|---|---|
| 040 | _cRUA | ||
| 082 | _aAVM EM 2010 B096 Or.1 | ||
| 100 | _aEM, SOTHOEURN. | ||
| 245 | _aStudy o gastro-intestinal parasites in pigs in treang district takeo province, ការសិក្សាពីបរាសិតដែលកើតមាននៅក្នុងក្រពះពោះវៀនជ្រូកនៅស្រុកទ្រាំង ក្នុងខេត្ដតាកែវ | ||
| 260 |
_aPhnom Penh _bRUA _c2010 |
||
| 300 |
_aviii; 46p. _bill. _c29cm. |
||
| 856 | _uhttps://drive.google.com/file/d/1Cl5UVhFmS-isGRWqThVvj03OykDdVkNE/view?usp=sharing | ||
| 942 | _cAVM | ||
| 999 |
_c2469 _d2469 |
||